000 00531nam a2200181Ia 4500
003 LK-CoDNM
008 010623t2001 xxu||||| |||| 00| 1 sin d
040 _aLK-CoDNM
_dLK-CoDNM
_eLK-CoDNM
041 _asin
080 _a809.13
_bWAN
100 _aWanarathana, Ranjith
245 _aධමමපදටඨ කථා-අගගසාවක වතතු
246 _aDhammapadatta katha-Aggasawaka vatthu
260 _bSamayawardena
_aColombo
_c2001
300 _b(xvi)96, 22 cm
650 _aLanguage Linguisties
942 _cBK
999 _c121237
_d121237